[Event "Manises 5th"]
[Site "Manises"]
[Date "2018.01.04"]
[Round "5"]
[White "Serafimov, Tervel"]
[Black "Pallardo Lozoya, Jose Vicente"]
[Result "1/2-1/2"]
[WhiteElo "2375"]
[BlackElo "2390"]
[PlyCount "100"]
[EventDate "2018.01.02"]
[EventType "tourn"]
[EventRounds "9"]
[EventCountry "ESP"]
[SourceTitle "EXT 2024"]
[Source "ChessBase"]
[SourceDate "2023.10.10"]
[SourceVersion "1"]
[SourceVersionDate "2023.10.10"]
[SourceQuality "1"]

1. Nf3 d5 2. c4 c6 3. e3 Nd7 4. d4 e6 5. Bd3 Ngf6 6. 0-0 Be7 7. b3 b6 8. Nbd2 Bb7 9. e4 dxe4 10. Nxe4 c5 11. Re1 cxd4 12. Nxd4 Nc5 13. Nxc5 Bxc5 14. Nf5 0-0 15. Ng3 Qd4 16. Be3 Qh4 17. Bxc5 bxc5 18. Qe2 Rad8 19. Be4 Nxe4 20. Nxe4 Bxe4 21. Qxe4 Qxe4 22. Rxe4 Rd2 23. Re5 Rc8 24. Kf1 Rd6 25. Rb1 f6 26. Re2 a5 27. Rc2 Kf7 28. Ke2 Ke7 29. Rd2 Rcd8 30. Rxd6 Rxd6 31. Rd1 Rxd1 32. Kxd1 e5 33. Kc2 f5 34. Kd3 Kd6 35. f3 Kc6 36. Ke3 Kb6 37. Kd3 g6 38. Ke2 Kc6 39. Kd3 Kb7 40. Kc2 Ka6 41. Kc3 Kb6 42. Kc2 Kc6 43. Kd3 Kd6 44. Ke3 Ke6 45. Kd3 Kd7 46. Ke3 Kc7 47. Kd3 Kb7 48. Kc2 Kb6 49. Kc3 Ka6 50. Kc2 Kb6 1/2-1/2

[Event "Manises 5th"]
[Site "Manises"]
[Date "2018.01.03"]
[Round "3"]
[White "Nieves Cabanes, Jose Manuel"]
[Black "Serafimov, Tervel"]
[Result "1-0"]
[WhiteElo "2274"]
[BlackElo "2375"]
[PlyCount "81"]
[EventDate "2018.01.02"]
[EventType "tourn"]
[EventRounds "9"]
[EventCountry "ESP"]
[SourceTitle "EXT 2024"]
[Source "ChessBase"]
[SourceDate "2023.10.10"]
[SourceVersion "1"]
[SourceVersionDate "2023.10.10"]
[SourceQuality "1"]

1. d4 d5 2. c4 e6 3. Nc3 Nf6 4. cxd5 exd5 5. Bg5 Nbd7 6. e3 Be7 7. Bd3 0-0 8. Qc2 c5 9. Nf3 cxd4 10. exd4 h6 11. Bf4 a6 12. 0-0 b5 13. a4 b4 14. Ne2 Bb7 15. Ng3 Rc8 16. Qe2 Rc6 17. Ne5 Nxe5 18. dxe5 Nd7 19. Nf5 Nc5 20. Qg4 Bg5 21. Bxg5 hxg5 22. Rad1 Re8 23. Bc4 Rc7 24. f4 Rd7 25. Bd3 d4 26. Nd6 Rxd6 27. exd6 Qxd6 28. fxg5 Nxd3 29. Rxd3 Re4 30. Qf5 Qe7 31. Rdf3 Re2 32. R3f2 Re5 33. Qxf7+ Qxf7 34. Rxf7 Bd5 35. R7f5 Rxf5 36. Rxf5 Bb3 37. a5 d3 38. Rf2 Kh7 39. Rd2 Bc4 40. h4 Kg6 41. g4 1-0

[Event "Manises 5th"]
[Site "Manises"]
[Date "2018.01.02"]
[Round "2"]
[White "Serafimov, Tervel"]
[Black "Roldan Marques, Daniel"]
[Result "1/2-1/2"]
[WhiteElo "2375"]
[BlackElo "2185"]
[PlyCount "135"]
[EventDate "2018.01.02"]
[EventType "tourn"]
[EventRounds "9"]
[EventCountry "ESP"]
[SourceTitle "EXT 2024"]
[Source "ChessBase"]
[SourceDate "2023.10.10"]
[SourceVersion "1"]
[SourceVersionDate "2023.10.10"]
[SourceQuality "1"]

1. g3 e5 2. Bg2 Nc6 3. c4 Bc5 4. Nc3 d6 5. e3 a6 6. Nge2 Ba7 7. Rb1 Be6 8. Nd5 Nf6 9. d3 0-0 10. 0-0 Rb8 11. b4 Nd7 12. Qc2 Ne7 13. b5 axb5 14. Nxe7+ Qxe7 15. cxb5 Nf6 16. a4 d5 17. Bd2 Rfe8 18. a5 Rbc8 19. Bb4 Qd7 20. Ba3 h6 21. Rfc1 Bh3 22. Qd1 Nh7 23. Qf1 Ng5 24. Bxh3 Nxh3+ 25. Kg2 Ng5 26. Ng1 f5 27. h4 Nf7 28. b6 cxb6 29. axb6 Bb8 30. Rxc8 Rxc8 31. Rc1 Rc6 32. Rxc6 Qxc6 33. Qc1 Qxc1 34. Bxc1 Bd6 35. Bd2 Bc5 36. Ba5 Kf8 37. Ne2 Ke7 38. d4 exd4 39. exd4 Bd6 40. Nc3 Ke6 41. Nb5 g6 42. Kh3 Bb8 43. Bd2 Kd7 44. Na3 h5 45. f3 Nd8 46. g4 Ne6 47. gxf5 gxf5 48. Be3 Bf4 49. Bf2 Bd2 50. Bg3 Nxd4 51. Bf2 Nxf3 52. Kg2 Ne5 53. Nb5 Nc6 54. Kf3 Ke6 55. Bg3 d4 56. Nc7+ Kf6 57. Nb5 Bb4 58. Bd6 Ke6 59. Bxb4 Nxb4 60. Nxd4+ Ke5 61. Nb3 Nd5 62. Nc5 Nxb6 63. Nxb7 Nc4 64. Nc5 Nd2+ 65. Ke2 Ne4 66. Nd3+ Kf6 67. Nf4 Ke5 68. Nxh5 1/2-1/2

[Event "Izmir MTS GM 5th"]
[Site "Izmir"]
[Date "2016.06.30"]
[Round "6.5"]
[White "Kanmazalp, Ogulcan"]
[Black "Serafimov, Tervel"]
[Result "1-0"]
[WhiteElo "2437"]
[BlackElo "2381"]
[PlyCount "147"]
[EventDate "2016.06.28"]
[EventType "schev"]
[EventRounds "10"]
[EventCountry "TUR"]
[SourceTitle "CBM 173 Extra"]
[Source "ChessBase"]
[SourceDate "2016.08.29"]
[SourceVersion "1"]
[SourceVersionDate "2016.08.29"]
[SourceQuality "1"]
[WhiteTeam "Smyrna II"]
[BlackTeam "Smyrna"]
[WhiteTeamCountry "TUR"]
[BlackTeamCountry "TUR"]

1. e4 c6 2. d4 g6 3. Nc3 d5 4. Nf3 Bg7 5. Bf4 dxe4 6. Nxe4 Nf6 7. Nxf6+ Bxf6 8. c3 0-0 9. Bc4 Bg4 10. 0-0 Nd7 11. Re1 e6 12. h3 Bxf3 13. Qxf3 Nb6 14. Bb3 Bg5 15. Be5 Nd7 16. Bg3 Bh4 17. Bd6 Re8 18. Rad1 Nb6 19. Be5 Nd7 20. Bh2 Qf6 21. Qe2 Bg5 22. Qe4 Qf5 23. Qxf5 gxf5 24. f4 Bf6 25. g4 fxg4 26. hxg4 h6 27. Kg2 Kg7 28. Kf3 Rad8 29. Bg1 Nf8 30. Be3 Ng6 31. Rh1 Rh8 32. Rh5 Kf8 33. Rdh1 Bg7 34. f5 exf5 35. Rxf5 Rd7 36. Rfh5 Rd6 37. Kg3 Ne7 38. Bf4 Rg6 39. Bc2 Re6 40. Bb3 Rg6 41. Rf1 Rf6 42. Re1 Rg8 43. Bd2 Ke8 44. d5 Kd8 45. dxc6 Nxc6 46. Rd5+ Kc8 47. Bc2 Rd8 48. Bf5+ Kc7 49. Bf4+ Kb6 50. Rxd8 Nxd8 51. Be5 Nc6 52. Bxf6 Bxf6 53. Be4 Ne5 54. Bd5 Nd3 55. Re2 Be5+ 56. Kf3 f6 57. Ke4 Nf4 58. Re1 h5 59. gxh5 Nxh5 60. Rg1 Ka6 61. Rg8 Ng3+ 62. Kd3 Nf5 63. Rf8 Nd6 64. Rg8 b5 65. b3 Kb6 66. Bg2 a6 67. Rb8+ Kc7 68. Ra8 Kb6 69. c4 bxc4+ 70. bxc4 Nf5 71. Re8 Nd6 72. Rb8+ Kc5 73. Rb1 Nc8 74. Bb7 1-0

[Event "Belogradchik"]
[Site "Belogradchik"]
[Date "2016.02.27"]
[Round "8"]
[White "Serafimov, Tervel"]
[Black "Gavrilescu, David"]
[Result "1/2-1/2"]
[WhiteElo "2407"]
[BlackElo "2202"]
[PlyCount "46"]
[EventDate "2016.02.22"]
[EventType "tourn"]
[EventRounds "9"]
[EventCountry "BUL"]
[EventCategory "1"]
[SourceTitle "CBM 171 Extra"]
[Source "ChessBase"]
[SourceDate "2016.04.26"]
[SourceVersion "1"]
[SourceVersionDate "2016.04.26"]
[SourceQuality "1"]

1. Nf3 c5 2. g3 Nc6 3. Bg2 e5 4. d3 g6 5. 0-0 Bg7 6. c4 Nge7 7. Nc3 d6 8. Ne1 Be6 9. Nd5 0-0 10. Nc2 Qd7 11. Bg5 f6 12. Bd2 Bh3 13. Bxh3 Qxh3 14. b4 b6 15. e4 Rae8 16. f3 f5 17. Qe2 Nxd5 18. cxd5 Nd4 19. Nxd4 exd4 20. Bf4 fxe4 21. fxe4 Qd7 22. bxc5 bxc5 23. Rab1 Rb8 1/2-1/2

[Event "Belogradchik"]
[Site "Belogradchik"]
[Date "2016.02.23"]
[Round "2"]
[White "Tilicheev, Viacheslav"]
[Black "Serafimov, Tervel"]
[Result "1/2-1/2"]
[WhiteElo "2437"]
[BlackElo "2407"]
[PlyCount "130"]
[EventDate "2016.02.22"]
[EventType "tourn"]
[EventRounds "9"]
[EventCountry "BUL"]
[EventCategory "1"]
[SourceTitle "CBM 171 Extra"]
[Source "ChessBase"]
[SourceDate "2016.04.26"]
[SourceVersion "1"]
[SourceVersionDate "2016.04.26"]
[SourceQuality "1"]

1. d4 d5 2. c4 e6 3. Nc3 Nf6 4. Nf3 Be7 5. Bf4 0-0 6. e3 c5 7. dxc5 Bxc5 8. a3 dxc4 9. Bxc4 Qxd1+ 10. Rxd1 a6 11. Bd3 Nbd7 12. Ne5 Nxe5 13. Bxe5 b5 14. Ne4 Be7 15. Nxf6+ gxf6 16. Be4 Ra7 17. Bb8 Rd7 18. Ke2 Rfd8 19. Rxd7 Bxd7 20. Bc7 Rc8 21. Ba5 f5 22. Rd1 fxe4 23. Rxd7 Bf6 24. b3 Rc2+ 25. Rd2 Rc1 26. f3 Ra1 27. fxe4 Rxa3 28. b4 Ra4 29. Rc2 Be7 30. e5 h5 31. Kf3 Kg7 32. h3 Kg6 33. Rc8 Kf5 34. Bc7 h4 35. Rg8 Ra3 36. Rg7 Bg5 37. Rxf7+ Kg6 38. Rf8 Rxe3+ 39. Kf2 Re4 40. Rg8+ Kf5 41. Bd6 Rc4 42. Rf8+ Ke4 43. Rf3 Rc2+ 44. Kf1 Bf4 45. Ra3 Bg3 46. Rxa6 Rc1+ 47. Ke2 Re1+ 48. Kd2 Rg1 49. Ke2 Rxg2+ 50. Kf1 Rf2+ 51. Kg1 Re2 52. Kf1 Kf3 53. Ra1 Rh2 54. Ra3+ Ke4 55. Ra5 Rxh3 56. Kg1 Rh2 57. Rxb5 Re2 58. Ra5 h3 59. Ra1 Bxe5 60. Bxe5 Kxe5 61. Rb1 Kd6 62. Rb3 h2+ 63. Kh1 Kc7 64. b5 Kb6 65. Rb2 Rxb2 1/2-1/2

[Event "Montigny le Bretonneux Dames Noire 1st"]
[Site "Montigny le Bretonneux"]
[Date "2013.10.27"]
[Round "9"]
[White "Valuet, Bertrand"]
[Black "Serafimov, Tervel"]
[Result "1-0"]
[WhiteElo "2300"]
[BlackElo "2438"]
[PlyCount "43"]
[EventDate "2013.10.19"]
[EventType "tourn"]
[EventRounds "9"]
[EventCountry "FRA"]
[EventCategory "4"]
[SourceTitle "EXT 2014"]
[Source "ChessBase"]
[SourceDate "2013.11.20"]
[SourceVersion "1"]
[SourceVersionDate "2013.11.20"]
[SourceQuality "1"]

1. e4 e5 2. Nf3 d6 3. d4 exd4 4. Nxd4 Nf6 5. Nc3 Be7 6. Bf4 0-0 7. Qd2 Nc6 8. 0-0-0 Nxd4 9. Qxd4 Be6 10. Kb1 Ng4 11. Bg3 Bf6 12. Qd2 Bh4 13. Bxh4 Qxh4 14. g3 Qh6 15. f4 Nf6 16. Bg2 Rab8 17. h3 b5 18. g4 Qh4 19. b3 b4 20. Ne2 Rfe8 21. Nd4 Bd7 22. e5 1-0

[Event "Montigny le Bretonneux Dames Noire 1st"]
[Site "Montigny le Bretonneux"]
[Date "2013.10.26"]
[Round "8"]
[White "Serafimov, Tervel"]
[Black "Rettore, Ludwig"]
[Result "1-0"]
[WhiteElo "2438"]
[BlackElo "2113"]
[PlyCount "101"]
[EventDate "2013.10.19"]
[EventType "tourn"]
[EventRounds "9"]
[EventCountry "FRA"]
[EventCategory "4"]
[SourceTitle "EXT 2014"]
[Source "ChessBase"]
[SourceDate "2013.11.20"]
[SourceVersion "1"]
[SourceVersionDate "2013.11.20"]
[SourceQuality "1"]

1. d4 f5 2. Bg5 c5 3. dxc5 Qa5+ 4. Nc3 e6 5. e4 fxe4 6. Qd2 Bxc5 7. Nxe4 Qxd2+ 8. Kxd2 Be7 9. Bxe7 Kxe7 10. f4 b6 11. Nf3 Bb7 12. Bd3 Nf6 13. Rhe1 Rf8 14. g3 Nxe4+ 15. Bxe4 Bxe4 16. Rxe4 Nc6 17. Rae1 Rf5 18. c3 Raf8 19. Kc2 Kd8 20. R1e2 Kc7 21. a3 h6 22. h4 R8f7 23. Ne1 g5 24. fxg5 hxg5 25. g4 Rf1 26. h5 Rh1 27. Nd3 Rh4 28. b4 a6 29. a4 Rf1 30. Re1 Rxe1 31. Nxe1 d5 32. Rxe6 Rxg4 33. h6 Rh4 34. Nf3 Rh5 35. b5 axb5 36. axb5 Nd8 37. Rg6 g4 38. Nd4 g3 39. Rg7+ Kd6 40. Rxg3 Nf7 41. Rg6+ Kd7 42. Rxb6 Kc7 43. Rc6+ Kb7 44. Ne6 Nxh6 45. Nd8+ Kb8 46. b6 Rh2+ 47. Kb3 Nf5 48. b7 Ne7 49. Ra6 Kc7 50. Ra8 Nc6 51. Rc8+ 1-0

[Event "Montigny le Bretonneux Dames Noire 1st"]
[Site "Montigny le Bretonneux"]
[Date "2013.10.22"]
[Round "4"]
[White "Saada, Julien"]
[Black "Serafimov, Tervel"]
[Result "1-0"]
[WhiteElo "2332"]
[BlackElo "2438"]
[PlyCount "87"]
[EventDate "2013.10.19"]
[EventType "tourn"]
[EventRounds "9"]
[EventCountry "FRA"]
[EventCategory "4"]
[SourceTitle "EXT 2014"]
[Source "ChessBase"]
[SourceDate "2013.11.20"]
[SourceVersion "1"]
[SourceVersionDate "2013.11.20"]
[SourceQuality "1"]

1. d4 d5 2. c4 e6 3. Nc3 Nf6 4. cxd5 exd5 5. Bg5 Nbd7 6. e3 Be7 7. Bd3 0-0 8. Qc2 h6 9. Bh4 c5 10. Nge2 cxd4 11. Nxd4 Ne5 12. 0-0 Nxd3 13. Qxd3 Be6 14. Rfd1 Ng4 15. Bxe7 Qxe7 16. Nf3 Nf6 17. Rd2 Rac8 18. h3 Qb4 19. Nd4 a6 20. a3 Qe7 21. Rad1 Rfd8 22. Nde2 Rc4 23. Nf4 Qc7 24. Qe2 Rc5 25. Qf3 Rd7 26. Rd4 Rc4 27. Nfxd5 Nxd5 28. Nxd5 Rxd5 29. Rxd5 Bxd5 30. Qxd5 Rc1 31. Qd2 Rxd1+ 32. Qxd1 g6 33. Qd4 h5 34. g3 Qc1+ 35. Kg2 Qc6+ 36. e4 Qc2 37. b4 Qa4 38. Qd3 Qc6 39. Qd5 Qc3 40. Qxb7 Qxa3 41. Qa8+ Kg7 42. b5 a5 43. b6 Qb4 44. b7 1-0

[Event "Montigny le Bretonneux Dames Noire 1st"]
[Site "Montigny le Bretonneux"]
[Date "2013.10.19"]
[Round "1"]
[White "Serafimov, Tervel"]
[Black "Todorov, Todor"]
[Result "1/2-1/2"]
[WhiteElo "2438"]
[BlackElo "2480"]
[PlyCount "24"]
[EventDate "2013.10.19"]
[EventType "tourn"]
[EventRounds "9"]
[EventCountry "FRA"]
[EventCategory "4"]
[SourceTitle "EXT 2014"]
[Source "ChessBase"]
[SourceDate "2013.11.20"]
[SourceVersion "1"]
[SourceVersionDate "2013.11.20"]
[SourceQuality "1"]

1. c4 e5 2. g3 Nc6 3. Bg2 Nf6 4. Nf3 d5 5. cxd5 Nxd5 6. Nc3 Nb6 7. 0-0 Be7 8. d3 0-0 9. a3 a5 10. Be3 Be6 11. Na4 Nd5 12. Bc5 f6 1/2-1/2

[Event "AUT-chT2W 1213"]
[Site "Austria"]
[Date "2012.10.07"]
[Round "3.1"]
[White "Medvegy, Zoltan"]
[Black "Serafimov, Tervel"]
[Result "1-0"]
[WhiteElo "2555"]
[BlackElo "2425"]
[PlyCount "115"]
[EventDate "2012.10.05"]
[EventType "team-tourn"]
[EventRounds "11"]
[EventCountry "AUT"]
[SourceTitle "EXT 2013"]
[Source "ChessBase"]
[SourceDate "2012.11.22"]
[SourceVersion "1"]
[SourceVersionDate "2012.11.22"]
[SourceQuality "1"]
[WhiteTeam "Ranshofen"]
[BlackTeam "Bregenz"]
[WhiteTeamCountry "AUT"]
[BlackTeamCountry "AUT"]

1. e4 c6 2. d4 d5 3. e5 g6 4. c3 Bg7 5. f4 h5 6. Nf3 Nh6 7. Be2 Bg4 8. 0-0 e6 9. Be3 Nf5 10. Bf2 Bh6 11. Qd2 Nd7 12. Na3 Rc8 13. Rfe1 Bf8 14. Nc2 Nb6 15. b3 Be7 16. a4 a5 17. Ng5 Bxe2 18. Rxe2 Qc7 19. Na3 Nd7 20. Nf3 Bxa3 21. Rxa3 c5 22. Ra1 c4 23. b4 axb4 24. cxb4 c3 25. Qa2 0-0 26. Rc2 Qc4 27. Qa3 Rc7 28. Rd1 Rfc8 29. h3 Nb8 30. b5 Nd7 31. Kh2 Ra8 32. Rdc1 Rxa4 33. Qxc3 Qxc3 34. Rxc3 Rac4 35. Rxc4 Rxc4 36. Ra1 Rb4 37. Ra8+ Kg7 38. Rd8 Nf8 39. g4 hxg4 40. hxg4 Nh6 41. Bh4 g5 42. Bxg5 Nxg4+ 43. Kh3 Nf2+ 44. Kg2 Ne4 45. Bf6+ Nxf6 46. exf6+ Kxf6 47. Rxf8 Ke7 48. Rc8 Rxb5 49. Rc7+ Ke8 50. Ng5 Rb4 51. Nxf7 Rxd4 52. Kf3 b5 53. Ne5 Rd1 54. Rb7 Rf1+ 55. Ke3 Rb1 56. Kd4 Kf8 57. Ng6+ Kg8 58. Ke5 1-0

[Event "AUT-chT2W 1213"]
[Site "Austria"]
[Date "2012.10.05"]
[Round "1.1"]
[White "Atlas, Valeri"]
[Black "Serafimov, Tervel"]
[Result "0-1"]
[WhiteElo "2430"]
[BlackElo "2425"]
[PlyCount "148"]
[EventDate "2012.10.05"]
[EventType "team-tourn"]
[EventRounds "11"]
[EventCountry "AUT"]
[SourceTitle "EXT 2013"]
[Source "ChessBase"]
[SourceDate "2012.11.22"]
[SourceVersion "1"]
[SourceVersionDate "2012.11.22"]
[SourceQuality "1"]
[WhiteTeam "Hohenems II"]
[BlackTeam "Bregenz"]
[WhiteTeamCountry "AUT"]
[BlackTeamCountry "AUT"]

1. e4 c6 2. Nf3 g6 3. d4 Bg7 4. Nc3 d5 5. h3 Nf6 6. e5 Ne4 7. Bd3 Nxc3 8. bxc3 c5 9. Be3 Nc6 10. 0-0 0-0 11. Qd2 Qa5 12. Rab1 a6 13. Rfe1 b5 14. Qc1 Bd7 15. Bd2 Qc7 16. Bh6 cxd4 17. cxd4 Nd8 18. Nh2 Qc3 19. Bd2 Qc8 20. Bh6 Bf5 21. Rb3 Ra7 22. Ng4 Bxg4 23. hxg4 Nc6 24. Bf5 e6 25. Rh3 f6 26. Bd3 fxe5 27. Bxg7 Rxg7 28. dxe5 Qb8 29. Qe3 Qa7 30. a3 Qxe3 31. Rhxe3 Rf4 32. f3 Rc7 33. g3 Ra4 34. f4 Nd4 35. f5 gxf5 36. gxf5 Nxf5 37. Bxf5 exf5 38. Rd1 Re4 39. Rxe4 dxe4 40. Rd6 Rxc2 41. Rxa6 Kf7 42. Rf6+ Ke7 43. Rxf5 Rc3 44. Kg2 Ke6 45. Rh5 Rxa3 46. Rxh7 Ra2+ 47. Kf1 b4 48. Rb7 Rb2 49. g4 b3 50. g5 Rb1+ 51. Kg2 e3 52. g6 e2 53. g7 Rg1+ 54. Kxg1 e1Q+ 55. Kg2 Qe4+ 56. Kg1 Qg4+ 57. Kf2 Kxe5 58. Rxb3 Qxg7 59. Re3+ Kd4 60. Rf3 Qg5 61. Rg3 Qd2+ 62. Kf3 Qe3+ 63. Kg4 Qe4+ 64. Kh3 Qh1+ 65. Kg4 Ke4 66. Kg5 Qh7 67. Rg4+ Ke5 68. Rg3 Qg7+ 69. Kh4 Qh6+ 70. Kg4 Ke4 71. Ra3 Qe6+ 72. Kh5 Qe8+ 73. Kg4 Qd7+ 74. Kh5 Kf4 0-1

[Event "Plancoet op 9th"]
[Site "Plancoet"]
[Date "2012.08.04"]
[Round "9"]
[White "Serafimov, Tervel"]
[Black "Otmani, Kamel"]
[Result "1/2-1/2"]
[WhiteElo "2425"]
[BlackElo "2090"]
[PlyCount "137"]
[EventDate "2012.07.29"]
[EventType "swiss"]
[EventRounds "9"]
[EventCountry "FRA"]
[SourceTitle "CBM 149 Extra"]
[Source "ChessBase"]
[SourceDate "2012.08.24"]
[SourceVersion "1"]
[SourceVersionDate "2012.08.24"]
[SourceQuality "1"]

1. g3 Nf6 2. Bg2 g6 3. c4 Bg7 4. Nc3 0-0 5. d3 d6 6. Rb1 c6 7. e4 c5 8. Nge2 Nc6 9. 0-0 a6 10. a3 Rb8 11. b4 cxb4 12. axb4 b5 13. cxb5 axb5 14. d4 e5 15. d5 Ne7 16. Ra1 Bd7 17. Qd3 Ra8 18. Bd2 Qb6 19. Rfc1 Ng4 20. Be1 f5 21. Rxa8 Rxa8 22. Bh3 Nf6 23. Qd1 g5 24. Bd2 h6 25. Ra1 Qb7 26. Bg2 f4 27. Rxa8+ Qxa8 28. Nc1 Nc8 29. Qe2 Qa6 30. Bf1 Nb6 31. Nxb5 Bxb5 32. Qxb5 Qxb5 33. Bxb5 Nxe4 34. Be1 Nf6 35. Bc6 Nfxd5 36. b5 Ne7 37. Bb7 fxg3 38. hxg3 Kf7 39. Ba5 Nc4 40. Bc7 e4 41. Bxe4 Bd4 42. Bd3 d5 43. Kg2 Bb6 44. Bb8 Nc8 45. Ne2 N8d6 46. Nc3 Ke6 47. Bh7 d4 48. Na4 Bd8 49. Nc5+ Kd5 50. Nb3 Bb6 51. Kf1 Ke6 52. Ke2 Kd7 53. Bd3 Ne5 54. Bb1 d3+ 55. Kf1 Ng4 56. Bxd3 Nxf2 57. Be2 Nfe4 58. Kg2 Nc3 59. Bxd6 Kxd6 60. Bd3 Ke5 61. Kf3 h5 62. Bf1 g4+ 63. Kg2 Bd8 64. Bd3 Nxb5 65. Bxb5 h4 66. Nd2 Kd4 67. Bd7 hxg3 68. Kxg3 Bc7+ 69. Kxg4 1/2-1/2

[Event "Plancoet op 9th"]
[Site "Plancoet"]
[Date "2012.08.01"]
[Round "5"]
[White "Milchev, Nikolay"]
[Black "Serafimov, Tervel"]
[Result "1-0"]
[WhiteElo "2421"]
[BlackElo "2425"]
[PlyCount "87"]
[EventDate "2012.07.29"]
[EventType "swiss"]
[EventRounds "9"]
[EventCountry "FRA"]
[SourceTitle "CBM 149 Extra"]
[Source "ChessBase"]
[SourceDate "2012.08.24"]
[SourceVersion "1"]
[SourceVersionDate "2012.08.24"]
[SourceQuality "1"]

1. Nf3 d5 2. c4 e6 3. g3 g6 4. Bg2 Bg7 5. 0-0 Ne7 6. d4 Nbc6 7. cxd5 exd5 8. Nc3 0-0 9. Bf4 a6 10. Rc1 Nf5 11. e3 Nce7 12. Qb3 b6 13. g4 Nh6 14. h3 Ra7 15. Qa3 c6 16. Ne5 Kh8 17. Na4 b5 18. Qc5 Rb7 19. Nc3 Qb6 20. Nb1 Bxe5 21. Bxe5+ f6 22. Bd6 Nhg8 23. Qxb6 Rxb6 24. Nd2 Bd7 25. Nb3 Rc8 26. a3 Rb7 27. Na5 Ra7 28. Rc3 Kg7 29. Rfc1 Kf7 30. f3 Re8 31. Kf2 Raa8 32. e4 Nc8 33. Bc5 Nge7 34. Re3 f5 35. exf5 gxf5 36. Rce1 Ng6 37. Rxe8 Bxe8 38. gxf5 Nh4 39. Re5 Nxg2 40. Kxg2 Bd7 41. Kg3 Kf6 42. Kf4 b4 43. axb4 Na7 44. Re7 1-0

[Event "Vaujany op 3rd"]
[Site "Vaujany"]
[Date "2012.07.16"]
[Round "5"]
[White "Epishin, Vladimir"]
[Black "Serafimov, Tervel"]
[Result "1-0"]
[WhiteElo "2567"]
[BlackElo "2425"]
[PlyCount "120"]
[EventDate "2012.07.12"]
[EventType "swiss"]
[EventRounds "9"]
[EventCountry "FRA"]
[SourceTitle "CBM 149 Extra"]
[Source "ChessBase"]
[SourceDate "2012.08.24"]
[SourceVersion "1"]
[SourceVersionDate "2012.08.24"]
[SourceQuality "1"]

1. d4 d5 2. c4 c5 3. Nf3 cxd4 4. cxd5 Nf6 5. Qxd4 Qxd5 6. Nc3 Qxd4 7. Nxd4 a6 8. g3 e5 9. Nc2 Bf5 10. Ne3 Be6 11. Bg2 Nc6 12. Bd2 0-0-0 13. Rc1 Kb8 14. Bxc6 bxc6 15. f3 Nd7 16. b3 Nc5 17. Ncd1 Bd5 18. Nf2 Ne6 19. Ba5 Re8 20. Bc3 f6 21. Rd1 Nc7 22. Ba5 Be6 23. Nd3 Nb5 24. Bb4 e4 25. fxe4 Bc8 26. Bxf8 Rhxf8 27. e5 fxe5 28. Rc1 Rf6 29. Rf1 Rh6 30. Rf2 Nd6 31. Nc5 Re7 32. Nc4 Rf7 33. Rxf7 Nxf7 34. h4 g5 35. hxg5 Rg6 36. Rc3 Rxg5 37. Rf3 Nd8 38. Nd6 Rg8 39. Re3 Rg5 40. b4 Rh5 41. Nxc8 Kxc8 42. Ra3 Rh1+ 43. Kd2 Rg1 44. Rxa6 Rxg3 45. Ra8+ Kc7 46. Ra7+ Kc8 47. a4 h5 48. Rh7 Rg4 49. e4 h4 50. a5 Rg2+ 51. Ke3 Ra2 52. Rxh4 Nf7 53. Kd3 Kb8 54. Rg4 Ra3+ 55. Kc2 Rf3 56. Rg6 Kc7 57. Re6 Rf2+ 58. Kd3 Rf3+ 59. Ke2 Rf4 60. Re7+ Kd8 1-0

[Event "Baden-ch"]
[Site "Emmendingen"]
[Date "2012.06.05"]
[Round "2"]
[White "Mueller, Erich2222"]
[Black "Serafimov, Tervel"]
[Result "0-1"]
[WhiteElo "2131"]
[BlackElo "2416"]
[PlyCount "62"]
[EventDate "2012.06.04"]
[EventType "swiss"]
[EventRounds "9"]
[EventCountry "GER"]
[SourceTitle "CBM 148 Extra"]
[Source "ChessBase"]
[SourceDate "2012.06.22"]
[SourceVersion "1"]
[SourceVersionDate "2012.06.22"]
[SourceQuality "1"]

1. d4 Nf6 2. Nf3 e6 3. c4 c5 4. Nc3 cxd4 5. Nxd4 a6 6. e4 Bb4 7. Bd3 Nc6 8. Nxc6 dxc6 9. 0-0 e5 10. Bg5 0-0 11. Qf3 Be7 12. h3 Nd7 13. Bxe7 Qxe7 14. Rfd1 Nc5 15. Bf1 Ne6 16. Ne2 Rd8 17. Qc3 f6 18. Rxd8+ Qxd8 19. c5 a5 20. Rc1 a4 21. b4 axb3 22. axb3 Ra2 23. Rc2 Rxc2 24. Qxc2 Qa5 25. Nc3 Nd4 26. Qc1 Be6 27. Bc4 Qxc5 28. Bxe6+ Nxe6 29. Qa1 Qb4 30. Qa8+ Nf8 31. Qa2 g6 0-1

[Event "Guingamp op 16th"]
[Site "Guingamp"]
[Date "2012.02.22"]
[Round "6"]
[White "Serafimov, Tervel"]
[Black "Larcheveque, Francois"]
[Result "1-0"]
[WhiteElo "2426"]
[BlackElo "2038"]
[PlyCount "67"]
[EventDate "2012.02.18"]
[EventType "swiss"]
[EventRounds "9"]
[EventCountry "FRA"]
[SourceTitle "EXT 2013"]
[Source "ChessBase"]
[SourceDate "2012.11.22"]
[SourceVersion "1"]
[SourceVersionDate "2012.11.22"]
[SourceQuality "1"]

1. c4 Nf6 2. Nc3 d5 3. cxd5 Nxd5 4. g3 c5 5. Bg2 Nc7 6. Nf3 Nc6 7. 0-0 e5 8. d3 Be7 9. Nd2 Bd7 10. Nc4 0-0 11. Bxc6 Bxc6 12. Nxe5 Be8 13. e4 f6 14. Nc4 b5 15. Ne3 Bf7 16. Nf5 Be6 17. Bf4 Bxf5 18. Bxc7 Qxc7 19. exf5 a6 20. Nd5 Qb7 21. Nf4 Rfd8 22. Qb3+ Kh8 23. Qf7 Rd7 24. Rfe1 Bf8 25. Qh5 c4 26. Re8 Kg8 27. dxc4 Rxe8 28. Qxe8 Re7 29. Qd8 Rd7 30. Qa5 bxc4 31. Qc3 Qb5 32. Rc1 Kh8 33. Ne6 Bb4 34. Qxc4 1-0